Countries That Started The Most Viruses - Statistics

General Stats
  • This quiz has been taken 103 times
  • The average score is 10 of 15
Answer Stats
Virus Started Answer % Correct
42 China
100%
25 United States
95%
31 India
89%
8 Russia
76%
21 Brazil
75%
8 Japan
74%
5 France
72%
5 Germany
64%
9 Italy
64%
19 Spain
60%
3 Indonesia
59%
29 Thailand
49%
12 Democratic Republic Of Congo
45%
7 Turkey
45%
4 Greece
31%
No matching quizzes found
Score Distribution
Percent of People with Each Score
Percentile by Number Answered
Your Score History
You have not taken this quiz